000 00630nam a22002177a 4500
003 UA-OsUOA
001 70717
007 ta
008 20100913b un ||||| |||| 00| 0 ukr d
100 _aСмирнова А.Г.
090 _a316
_bС50
942 _cSA
040 _aUA-OsUOA
_brus
_cUA-OsUOA
_dUA-OsUOA
245 _aУгрозы и их изучение в социологии международных отношений
300 _aС.35-50
955 _a0
041 _arus
080 _a316
773 0 _w70716
_tСоциологический журнал
_dМ.
_d2010
_g2
650 7 _a316 Соціологія
_2UDC
999 _c356990
_d356990